| 000 | 00811nam a2200229 a 4500 | ||
|---|---|---|---|
| 005 | 20160728134135.0 | ||
| 008 | 140311b2003 ck ||||| |||| 00| 0 spa d | ||
| 020 | _a9589386385 | ||
| 040 |
_aCO-BoIAVH _cCO-BoIAVH |
||
| 041 | _aspa | ||
| 044 | _ack | ||
| 082 | 1 | 4 |
_a592.177 _bC46m |
| 100 | 1 |
_aChará O., Julián _eautor |
|
| 245 | 1 | 0 | _aManual para la evaluación biológica de ambientes acuáticos en microcuencas ganaderas |
| 260 |
_aCali: _bFundación Centro para la Investigación en Sistemas de Producción Agropecuaria, _c2003. |
||
| 300 | _a78 páginas. | ||
| 650 | 1 | _aEvaluación ambiental | |
| 650 | 1 |
_aEcosistemas acuáticos _xManuales metodológicos |
|
| 650 | 1 | _aSistemas silvopastoriles | |
| 650 | 1 |
_aMicrocuencas _xMétodos analíticos |
|
| 942 |
_cLIBRO _2ddc |
||
| 999 |
_c3532 _d3532 |
||